ბათუმის შოთა რუსთაველის სახელმწიფო უნივერსიტეტის ბიბლიოთეკა

История религии востока. (Религиозно-Культурные традиции и общество. (ბიბ.ჩანაწერი № 36243)

000 -LEADER
fixed length control field 00801nam a2200205Ia 4500
001 - CONTROL NUMBER
control field 2146
003 - CONTROL NUMBER IDENTIFIER
control field GE_BSU
005 - DATE AND TIME OF LATEST TRANSACTION
control field 20221021105113.0
008 - FIXED-LENGTH DATA ELEMENTS--GENERAL INFORMATION
fixed length control field 181216s1983ru xx |||||||||||||| ||rus||
040 ## - CATALOGING SOURCE
Transcribing agency GE_BSU
041 ## - LANGUAGE CODE
Language code of text/sound track or separate title rus
080 ## - UNIVERSAL DECIMAL CLASSIFICATION NUMBER
Universal Decimal Classification number 2(5(09) В-19
100 ## - MAIN ENTRY--PERSONAL NAME
Personal name Васильев, Л.С.
9 (RLIN) 15411
245 ## - TITLE STATEMENT
Title История религии востока. (Религиозно-Культурные традиции и общество.
Remainder of title Учебник для студ. вузов обучающихся по спец ,,История "/
Statement of responsibility, etc. Л.С. Васильев.
264 ## - PRODUCTION, PUBLICATION, DISTRIBUTION, MANUFACTURE, AND COPYRIGHT NOTICE
Place of production, publication, distribution, manufacture Москва :
Name of producer, publisher, distributor, manufacturer Высшая школа,
Date of production, publication, distribution, manufacture, or copyright notice 1978.
300 ## - PHYSICAL DESCRIPTION
Extent 376 с.:
Other physical details 21 см.
653 ## - INDEX TERM--UNCONTROLLED
keyword История религии
653 ## - INDEX TERM--UNCONTROLLED
keyword რელიგიის ისტორია
942 ## - ADDED ENTRY ELEMENTS (KOHA)
Koha item type წიგნი
Source of classification or shelving scheme
ეგზემპლარები
Withdrawn status Lost status Source of classification or shelving scheme Damaged status Not for loan Permanent Location Current Location Shelving location Date acquired Cost, normal purchase price Full call number Barcode Date last seen Copy number Price effective from Koha item type Public note
          ბათუმის შოთა რუსთაველის სახელმწიფო უნივერსიტეტის მთავარი ბიბლიოთეკა ბათუმის შოთა რუსთაველის სახელმწიფო უნივერსიტეტის მთავარი ბიბლიოთეკა წიგნსაცავი 2018-12-17 8.00 2(5(09) В-19 4341 2018-12-17 4341 2018-12-17 წიგნი 8.00